Top 10 des aliments les plus caloriques - Statistiques

Statistiques générales
  • Ce quiz a été pris 104 fois
  • Le résultat moyen est 3 sur 10
Statistiques - réponses
Hint Réponse % Correct
7 200 kcal / kg Beurre
51%
8 840 kcal / kg Huile
46%
2 700–3 000 kcal / kg Pizza
46%
5 000–5 500 kcal / kg Chocolat
45%
3 100 kcal / kg Frites
40%
2 500–2 800 kcal / kg Hamburger
37%
5 400 kcal / kg Nutella
26%
5 300 kcal / kg Chips
20%
2 000–2 200 kcal / kg Glace
14%
4 500–4 800 kcal / kg Fromages
12%
Aucun quiz correspondant
Distribution des résultats
% des personnes avec chaque résultat
Percentile par nombre de réponses
Votre historique - résultats
Vous n’avez pas pris ce quiz